| 000 | 01181cad a22002175a 4500 | ||
|---|---|---|---|
| 001 | L155132 | ||
| 008 | 120131e20120131xxk 000 0 eng u | ||
| 035 | _a(Sirsi) u155132 | ||
| 041 | 0 | _aeng | |
| 110 | 2 |
_aUnited Kingdom _bLand Registry _94774 |
|
| 245 | 0 | 0 |
_aLand Registry house price index _bJanuary 2012 _h[electronic resource] |
| 260 |
_aLondon _bLand Registry _c2012 |
||
| 490 | 0 |
_aLand Registry House Price Index _January 2012 |
|
| 520 | _aHouse prices increased in January 2012 by 1.1% but fell by 1.% since January 2011. The average house price is £161 545. Prices fell across all regions apart from London with an annual increase of 2.9%. The number of property transactions has increased over the last year. In August to November 2010, there was an average of 58 485 per month. In the same months this year, the average sales per month were 60 422. | ||
| 590 | _aKA NTK | ||
| 650 | 2 | 4 | _aLAND REGISTRY HOUSE PRICE INDEX |
| 651 | 4 |
_aEngland and Wales _y1543- |
|
| 690 |
_aResidential property _96266 |
||
| 856 | 4 | 0 |
_uhttps://www1.landregistry.gov.uk/upload/documents/HPI_Report_Jan_12_pv4ep17.pdf _zView the report free of charge at www.landreg.gov.uk |
| 942 | _n0 | ||
| 999 |
_c113337 _d113337 |
||